[Event "Elit(Vasteras-LASK)"]
[Site "?"]
[Date "2006.10.21"]
[Round "2"]
[White "Eriksson, Johan"]
[Black "Olsson, Linus"]
[Result "0-1"]
[WhiteElo "2447"]
[BlackElo "2433"]
[PlyCount "92"]
[EventDate "2006.??.??"]

1. Nf3 Nf6 2. c4 c5 3. Nc3 b6 4. e4 d6 5. d4 cxd4 6. Nxd4 Bb7 7. Bd3 e6 8. O-O
a6 9. Re1 Nbd7 10. b3 Be7 11. Bb2 O-O 12. Bc2 Qc7 13. f4 Rfe8 14. Kh1 Bf8 15.
Rc1 Rad8 16. Qf3 Qc5 17. Nde2 g6 18. Bb1 Bg7 19. Ng3 h5 20. Na4 Qc7 21. h3 Qb8
22. Nc3 Ba8 23. Qf2 b5 24. cxb5 axb5 25. b4 Rc8 26. Bd3 Bc6 27. Nf1 Nb6 28.
Nxb5 d5 29. exd5 Nfxd5 30. Be5 Bxe5 31. fxe5 Nd7 32. Nd6 Nxe5 33. Nxe8 Nxd3 34.
Qd4 Rxe8 35. Qxd3 Nf4 36. Qg3 Bxg2+ 37. Kh2 h4 38. Qxh4 Bxf1 39. Rxf1 Ne2+ 40.
Kg2 Qa8+ 41. Kh2 Nxc1 42. Rxc1 Qxa2+ 43. Kg1 Qd2 44. Rf1 Rc8 45. Qe7 Qe3+ 46.
Rf2 Qg3+ 0-1

[Event "Elit(Vasteras-LASK)"]
[Site "?"]
[Date "2006.10.21"]
[Round "2"]
[White "Niklasson, Christer"]
[Black "Norberg, Johan"]
[Result "1-0"]
[WhiteElo "2413"]
[BlackElo "2357"]
[PlyCount "85"]
[EventDate "2006.??.??"]

1. d4 d6 2. Nf3 g6 3. e4 Nf6 4. Nc3 Bg7 5. Be2 O-O 6. O-O c6 7. Bf4 Nbd7 8. Re1
b5 9. a3 Nb6 10. e5 Nfd5 11. Nxd5 Nxd5 12. Bg3 dxe5 13. Nxe5 Qb6 14. Bf3 Rd8
15. c3 Bb7 16. Nd3 Re8 17. Qb3 a5 18. a4 Rad8 19. Rad1 Ba8 20. h3 e6 21. Re2 h6
22. Rde1 b4 23. Bxd5 Rxd5 24. Be5 Bxe5 25. Rxe5 Qb7 26. Nc5 Qb8 27. Qc2 Qd6 28.
Qe4 bxc3 29. bxc3 Rxe5 30. Qxe5 Qxe5 31. Rxe5 Rb8 32. Nd7 Rb7 33. Rxa5 Rxd7 34.
Rxa8+ Kg7 35. Kf1 Rb7 36. Ra6 c5 37. dxc5 Rc7 38. c6 Kf6 39. Ke2 Ke5 40. Kd3
Kd5 41. Rb6 e5 42. Rb5+ Kd6 43. Rb7 1-0

[Event "Elit(Vasteras-LASK)"]
[Site "?"]
[Date "2006.10.21"]
[Round "2"]
[White "Eriksson, Anders"]
[Black "Semcesen, Daniel"]
[Result "1-0"]
[WhiteElo "2366"]
[BlackElo "2369"]
[PlyCount "57"]
[EventDate "2006.??.??"]

1. Nf3 d5 2. g3 Bg4 3. Bg2 Nd7 4. c4 c6 5. d3 Ngf6 6. O-O e5 7. Nc3 d4 8. Nb1
Be7 9. e3 dxe3 10. Bxe3 O-O 11. Qc2 Re8 12. d4 Bd6 13. Nc3 Qa5 14. a3 Qa6 15.
b3 Rad8 16. h3 Bh5 17. Nh4 Nf8 18. d5 cxd5 19. Nxd5 Nxd5 20. Bxd5 Ne6 21. Qf5
Bg6 22. Nxg6 hxg6 23. Qf3 Re7 24. h4 b6 25. h5 gxh5 26. Qxh5 g6 27. Qh4 Qc8 28.
Kg2 Ree8 29. Rh1 1-0

[Event "Elit(Vasteras-LASK)"]
[Site "?"]
[Date "2006.10.21"]
[Round "2"]
[White "Lund, Esben"]
[Black "Norberg, Erik"]
[Result "0-1"]
[WhiteElo "2342"]
[BlackElo "2268"]
[PlyCount "100"]
[EventDate "2006.??.??"]

1. d4 g6 2. e4 Bg7 3. c4 d6 4. Nc3 e5 5. dxe5 dxe5 6. Qxd8+ Kxd8 7. f4 Nd7 8.
Nf3 c6 9. Be2 f6 10. O-O Nh6 11. g3 Nf7 12. Be3 Ke7 13. Rad1 Rd8 14. f5 Bh6 15.
Kf2 Bxe3+ 16. Kxe3 Nc5 17. Rxd8 Nxd8 18. g4 Nf7 19. b4 Na6 20. a3 Bd7 21. c5
Nc7 22. Bc4 Nh6 23. h3 b5 24. Bb3 a5 25. fxg6 hxg6 26. g5 axb4 27. gxh6 bxc3
28. Nxe5 Be6 29. Nxg6+ Kf7 30. Ne5+ Kg8 31. Bxe6+ Nxe6 32. Rxf6 c2 33. Kd2 Nxc5
34. Rf7 c1=Q+ 35. Kxc1 Nd3+ 36. Kd2 Nxe5 37. Rg7+ Kh8 38. Ke3 Rxa3+ 39. Kf4 Nc4
40. Rc7 Rxh3 41. Rxc6 Rh5 42. Re6 Kh7 43. e5 Rxh6 44. Re7+ Kg8 45. e6 Kf8 46.
Rb7 Nd6 47. Rb8+ Ke7 48. Ke5 Rh5+ 49. Kd4 Kxe6 50. Kc3 Kd5 0-1

[Event "Elit(Vasteras-LASK)"]
[Site "?"]
[Date "2006.10.21"]
[Round "2"]
[White "Nilsson, Andre"]
[Black "Nilsson, Sebastian"]
[Result "1/2-1/2"]
[WhiteElo "2294"]
[BlackElo "2349"]
[PlyCount "101"]
[EventDate "2006.??.??"]

1. g3 c5 2. Bg2 e6 3. Nf3 Nf6 4. O-O Qc7 5. d3 b6 6. e4 d6 7. Nbd2 Bb7 8. Re1
Nbd7 9. c3 Be7 10. h4 O-O 11. b3 Rac8 12. c4 Ne5 13. Nf1 Nfd7 14. N3h2 Bf6 15.
Rb1 Nc6 16. h5 Bc3 17. Bd2 Bxd2 18. Qxd2 Nd4 19. Ne3 Qd8 20. h6 g6 21. f4 Qe7
22. Rf1 Rfe8 23. Nf3 Nxf3+ 24. Bxf3 Rcd8 25. Rbe1 e5 26. f5 Qg5 27. Qh2 Nf6 28.
Qh4 Qxh4 29. gxh4 Kh8 30. fxg6 fxg6 31. Bg4 Rf8 32. Be6 Bc8 33. Bxc8 Rxc8 34.
Kg2 Kg8 35. a3 Rf7 36. Re2 Rcf8 37. Ref2 Nd7 38. Nd5 Rxf2+ 39. Rxf2 Rxf2+ 40.
Kxf2 Kf7 41. Kg3 Nb8 42. Nc7 Nc6 43. Kg4 Ke7 44. Nb5 Kd7 45. Kg5 Ke6 46. Nc7+
Kf7 47. Nb5 Ke6 48. Nc7+ Kf7 49. a4 Nd4 50. Nb5 Nxb5 51. axb5 1/2-1/2

[Event "Elit(Vasteras-LASK)"]
[Site "?"]
[Date "2006.10.21"]
[Round "2"]
[White "Smith, Axel"]
[Black "Kimari, Patrick"]
[Result "1/2-1/2"]
[WhiteElo "2319"]
[BlackElo "2191"]
[PlyCount "99"]
[EventDate "2006.??.??"]

1. e4 Nf6 2. e5 Nd5 3. d4 d6 4. Nf3 dxe5 5. Nxe5 Nd7 6. Nf3 e6 7. c4 N5f6 8.
Nc3 Be7 9. Bf4 a6 10. Be2 O-O 11. O-O Bd6 12. Qd2 b6 13. a3 Bb7 14. b4 Qe7 15.
c5 Bxf4 16. Qxf4 Rfc8 17. Rac1 b5 18. Ne5 Nxe5 19. dxe5 Nd5 20. Nxd5 Bxd5 21.
c6 f6 22. Rfd1 fxe5 23. Qxe5 Qf6 24. Qg3 Rf8 25. f3 Rf7 26. Qf2 Rd8 27. Qa7 Qb2
28. Qe3 Rd6 29. Rc3 Qa2 30. Rd2 Qb1+ 31. Rd1 Qf5 32. Qa7 g6 33. Kf2 Qe5 34. Re3
Qxh2 35. Qxa6 Qh4+ 36. Kg1 Qf4 37. Kf2 Bxc6 38. Rxd6 Qxd6 39. Bxb5 Qd2+ 40. Be2
Bd5 41. Qd3 Qa2 42. b5 Rf4 43. Qc3 Rc4 44. Qf6 Rc2 45. Qd8+ Kg7 46. Qe7+ Kg8
47. Qe8+ Kg7 48. Qe7+ Kg8 49. Qe8+ Kg7 50. Qe7+ 1/2-1/2

[Event "Elit(Vasteras-LASK)"]
[Site "?"]
[Date "2006.10.21"]
[Round "2"]
[White "Janse, Love"]
[Black "Dragicevic, Drazen"]
[Result "0-1"]
[WhiteElo "2259"]
[BlackElo "2275"]
[PlyCount "66"]
[EventDate "2006.??.??"]

1. e4 c5 2. f4 Nc6 3. Nf3 e6 4. Bb5 Nge7 5. O-O g6 6. Nc3 Bg7 7. d3 O-O 8. Qe1
d5 9. Bxc6 Nxc6 10. e5 a6 11. a4 Bd7 12. Qf2 b6 13. Ne2 f6 14. exf6 Qxf6 15. c3
e5 16. fxe5 Nxe5 17. Nxe5 Qxe5 18. Bf4 Qe6 19. Qe3 Rae8 20. Qxe6+ Rxe6 21. Ng3
a5 22. Bd2 Rfe8 23. b3 h5 24. Ra2 h4 25. Nh1 Re2 26. Rf2 Bf5 27. g3 Bxd3 28.
gxh4 Re1+ 29. Bxe1 Rxe1+ 30. Kg2 Be4+ 31. Kh3 Rxh1 32. c4 dxc4 33. bxc4 Rg1 0-1

[Event "Elit(Rockaden, Umea-Astorp)"]
[Site "?"]
[Date "2006.10.21"]
[Round "2"]
[White "Johansson, Mikael"]
[Black "Malmstig, Erik"]
[Result "1-0"]
[WhiteElo "2370"]
[BlackElo "2329"]
[PlyCount "119"]
[EventDate "2006.??.??"]
[SourceDate "2006.11.05"]

1. Nc3 d6 2. d4 Nf6 3. Bg5 Nbd7 4. e4 e5 5. Nf3 c6 6. a4 Be7 7. Be2 O-O 8. O-O
Re8 9. Re1 Qc7 10. h3 a5 11. Bf1 Nf8 12. Qd2 Ne6 13. Be3 Bf8 14. Bc4 exd4 15.
Nxd4 Nc5 16. f3 Nfd7 17. Qf2 Ne5 18. Ba2 Be7 19. Rad1 Bf8 20. Qg3 Qb6 21. Rb1
Qb4 22. Ncb5 cxb5 23. c3 Qxa4 24. Ra1 b4 25. Bxf7+ Nxf7 26. Rxa4 Nxa4 27. Nb5
d5 28. Bd4 Ra6 29. Nc7 Rg6 30. Qf2 Rd8 31. Kh1 dxe4 32. fxe4 Ng5 33. cxb4 Bxb4
34. Rd1 Nxe4 35. Qc2 Ng3+ 36. Kh2 Bd6 37. Kg1 b5 38. Nxb5 Bb7 39. Rd2 Ne4 40.
Re2 Nac5 41. Nxd6 Nxd6 42. Bxc5 Nf7 43. Qb3 Bc6 44. Be7 a4 45. Qc2 Re8 46. Kh2
Bb5 47. Re3 Bc6 48. g4 Rb8 49. Kg3 Re8 50. Qc4 Rf6 51. g5 Rg6 52. h4 Bd7 53.
Qd5 Bc6 54. Qd3 Ba8 55. Qd7 Bc6 56. Qa7 Nh6 57. Kf4 Ra8 58. Qc7 a3 59. Rxa3
Rxa3 60. Bxa3 1-0

[Event "Elit(Rockaden, Umea-Astorp)"]
[Site "?"]
[Date "2006.10.21"]
[Round "2"]
[White "Lindgren, Fredrik"]
[Black "Hoi, Carsten"]
[Result "0-1"]
[WhiteElo "2290"]
[BlackElo "2383"]
[PlyCount "74"]
[EventDate "2006.??.??"]

1. Nf3 Nf6 2. g3 g6 3. Bg2 Bg7 4. O-O O-O 5. d3 d6 6. e4 e5 7. c3 Nc6 8. b4 a6
9. Bb2 Ng4 10. a4 f5 11. Nbd2 f4 12. b5 Nb8 13. d4 Nd7 14. Ne1 h5 15. Nd3 axb5
16. axb5 Rxa1 17. Bxa1 Qe7 18. Bf3 g5 19. Re1 Nb6 20. h3 Nh6 21. Bxh5 Bxh3 22.
g4 f3 23. Nxf3 Nxg4 24. Bg6 Nh6 25. Nh2 g4 26. dxe5 dxe5 27. Re3 Qg5 28. Bf5
Nxf5 29. Qb3+ Kh8 30. exf5 e4 31. Nc5 g3 32. Nf1 gxf2+ 33. Kxf2 Qg2+ 34. Ke1
Qxf1+ 35. Kd2 Qf2+ 36. Re2 Rd8+ 37. Kc1 Qf1+ 0-1

[Event "Elit(Rockaden, Umea-Astorp)"]
[Site "?"]
[Date "2006.10.21"]
[Round "2"]
[White "Jakobsen, Ole"]
[Black "Nygren, David"]
[Result "1-0"]
[WhiteElo "2370"]
[BlackElo "2238"]
[PlyCount "99"]
[EventDate "2006.??.??"]

1. d4 Nf6 2. c4 e6 3. Nf3 c5 4. d5 exd5 5. cxd5 d6 6. Nc3 g6 7. h3 a6 8. a4 Qe7
9. Bg5 h6 10. Bh4 Bg7 11. e3 Nbd7 12. Nd2 g5 13. Bg3 Ne5 14. Be2 Bf5 15. e4 Bh7
16. O-O Nfd7 17. Qc2 O-O 18. Bg4 Nxg4 19. hxg4 Be5 20. Bxe5 Nxe5 21. f3 Bg6 22.
a5 Qc7 23. b3 c4 24. Nxc4 Nxc4 25. bxc4 Qxc4 26. Qd2 Rac8 27. Na4 Qc2 28. Rf2
Qb3 29. Nb6 Rc7 30. Rc1 Re7 31. Qc3 Qxc3 32. Rxc3 f6 33. Rfc2 Be8 34. Rc7 Rff7
35. Rxe7 Rxe7 36. Rc8 Kf7 37. Kf2 h5 38. gxh5 Kg7 39. g4 Bb5 40. Nc4 Bxc4 41.
Rxc4 Kh6 42. Rc8 Rd7 43. Ke3 Kh7 44. f4 Kh6 45. fxg5+ Kxg5 46. Rg8+ Kh4 47. Kf4
Rc7 48. Kf5 Re7 49. Kxf6 Rxe4 50. h6 1-0

[Event "Elit(Rockaden, Umea-Astorp)"]
[Site "?"]
[Date "2006.10.21"]
[Round "2"]
[White "Eriksson, Jorgen"]
[Black "Nilsson, Anders"]
[Result "1-0"]
[WhiteElo "2265"]
[BlackElo "2245"]
[PlyCount "67"]
[EventDate "2006.??.??"]

1. d4 e6 2. Nf3 Nf6 3. Bg5 Be7 4. Nbd2 h6 5. Bh4 c5 6. e3 b6 7. Be2 Bb7 8. O-O
O-O 9. a4 Nc6 10. c3 d5 11. Bd3 Nd7 12. Bg3 Bf6 13. Qe2 e5 14. dxe5 Ndxe5 15.
Ba6 Bxa6 16. Qxa6 d4 17. exd4 cxd4 18. Bxe5 Bxe5 19. Qb5 Qe8 20. Nxe5 Nxe5 21.
cxd4 Qxb5 22. axb5 Nd3 23. Ra3 Nf4 24. Re1 Rfd8 25. Nf3 Ne6 26. Ra4 Rac8 27. g3
Rc2 28. Rb4 g5 29. h3 Kg7 30. Kg2 Rd5 31. Re5 Rxe5 32. Nxe5 Kf6 33. Nc6 a5 34.
bxa6 1-0

[Event "Elit(Rockaden, Umea-Astorp)"]
[Site "?"]
[Date "2006.10.21"]
[Round "2"]
[White "Ivarsson, Stefan"]
[Black "Larsson, Johan"]
[Result "1-0"]
[WhiteElo "2293"]
[BlackElo "2160"]
[PlyCount "43"]
[EventDate "2006.??.??"]

1. g3 f5 2. Bg2 Nf6 3. c4 g6 4. Nc3 Bg7 5. d3 O-O 6. e4 d6 7. Nge2 fxe4 8. dxe4
c5 9. O-O Nc6 10. h3 a6 11. f4 e5 12. f5 Nd4 13. g4 Ne8 14. Ng3 Qh4 15. Kh2 Bh6
16. Nd5 Bxc1 17. Rxc1 Bd7 18. Qd2 Bc6 19. fxg6 hxg6 20. Rxf8+ Kxf8 21. Qf2+ Kg7
22. Nh5+ 1-0

[Event "Elit(Rockaden, Umea-Astorp)"]
[Site "?"]
[Date "2006.10.21"]
[Round "2"]
[White "Lindgren, Mats"]
[Black "Fagerstrom, Bjorn"]
[Result "1/2-1/2"]
[WhiteElo "2209"]
[BlackElo "2217"]
[PlyCount "43"]
[EventDate "2006.??.??"]

1. e4 c5 2. c3 Nf6 3. e5 Nd5 4. d4 cxd4 5. Nf3 e6 6. cxd4 d6 7. a3 Nc6 8. Bd3
dxe5 9. dxe5 Qc7 10. O-O Bd7 11. Re1 Rd8 12. Bd2 h6 13. Nc3 Nxc3 14. Bxc3 Ne7
15. Nd4 Nd5 16. Nb5 Qb8 17. Ba5 b6 18. Bd2 Be7 19. Qg4 Kf8 20. Rac1 Bxb5 21.
Bxb5 Nc7 22. Bb4 1/2-1/2

[Event "Elit(Rockaden, Umea-Astorp)"]
[Site "?"]
[Date "2006.10.21"]
[Round "2"]
[White "Petersson, Gosta"]
[Black "Engman, Rickard"]
[Result "1-0"]
[WhiteElo "2120"]
[BlackElo "2199"]
[PlyCount "91"]
[EventDate "2006.??.??"]

1. c4 e5 2. Nc3 Nf6 3. g3 Bb4 4. Bg2 O-O 5. e3 Bxc3 6. bxc3 Re8 7. d4 d6 8. Nf3
e4 9. Nd2 c5 10. O-O Nc6 11. h3 Bf5 12. Nb3 b6 13. Kh2 Rc8 14. Qe2 h5 15. a4 a5
16. Rb1 Nb8 17. Na1 g6 18. Nc2 Kg7 19. Na3 Nh7 20. Qb2 Nd7 21. Nb5 Qf6 22. Rd1
Re6 23. Qd2 Ng5 24. h4 Nf3+ 25. Bxf3 exf3 26. e4 Bxe4 27. Qh6+ Kg8 28. Bg5 Qg7
29. d5 Qxh6 30. dxe6 Qf8 31. exd7 Rd8 32. Nxd6 f6 33. Nxe4 fxg5 34. hxg5 Qf5
35. Nf6+ Kf7 36. Rxb6 Qxg5 37. Ne4 Qe5 38. Nd6+ Kg7 39. Ne8+ Kh6 40. Rdd6 Qf5
41. Rf6 Qg5 42. Rf8 Qe5 43. Rg8 Qf5 44. Rf6 Qd3 45. Rd6 Qxc4 46. Rdxg6+ 1-0

[Event "Elit(Rockaden, Umea-Astorp)"]
[Site "?"]
[Date "2006.10.21"]
[Round "2"]
[White "Hammar, Ulf"]
[Black "Bengtsson, Jan"]
[Result "1/2-1/2"]
[WhiteElo "2157"]
[BlackElo "2019"]
[PlyCount "165"]
[EventDate "2006.??.??"]

1. d4 c6 2. c4 d5 3. Nf3 Nf6 4. Nc3 Qb6 5. g3 Bf5 6. Bg2 e6 7. O-O h6 8. Re1
Be7 9. Ne5 O-O 10. e4 dxe4 11. Nxe4 Rd8 12. Nxf6+ Bxf6 13. Qh5 Bxe5 14. dxe5
Bg6 15. Qf3 Qb4 16. Qc3 Na6 17. Be3 Qxc3 18. bxc3 Bd3 19. Bf1 c5 20. Bg2 Rab8
21. Red1 b6 22. Bf1 Bc2 23. Rxd8+ Rxd8 24. Be2 Kf8 25. a4 Nb8 26. a5 Nc6 27.
axb6 axb6 28. Ra6 Nxe5 29. Rxb6 Rc8 30. Rb5 Nd7 31. Rb2 Be4 32. Rd2 Ke7 33. Bf4
Rc6 34. Ra2 Rb6 35. f3 Bb1 36. Ra1 Bc2 37. Kf2 e5 38. Be3 Bf5 39. Ra7 Kd6 40.
g4 Be6 41. Ra8 Rb3 42. Rg8 f5 43. Rxg7 f4 44. Bd2 Rb2 45. Ke1 Nf8 46. Bd3 Ra2
47. h4 Ra1+ 48. Ke2 Ra4 49. Rb7 Nd7 50. g5 hxg5 51. hxg5 Ra8 52. g6 Rh8 53. Ra7
Ke7 54. Be1 Rh1 55. Bf2 Kf6 56. Ra6 Ke7 57. g7 Bg8 58. Ra8 Kf7 59. Ra7 Ke6 60.
Be4 Nf6 61. Bd5+ Nxd5 62. cxd5+ Kf6 63. Bxc5 Bxd5 64. Bf8 Rh3 65. Ra5 Bc4+ 66.
Kf2 Rh2+ 67. Ke1 Re2+ 68. Kd1 Re3 69. Rc5 Bb3+ 70. Kd2 Rxf3 71. c4 Rg3 72. Rc6+
Kf5 73. Rc5 Ke6 74. Rc6+ Kf5 75. Rc5 Rg6 76. Kc3 Rg3+ 77. Kb4 Bc2 78. Bd6 Rxg7
79. Rxe5+ Kg4 80. Kc3 Bf5 81. Re1 Bg6 82. Rg1+ Kf5 83. Rf1 1/2-1/2

[Event "Elit(Skara-Sollentuna)"]
[Site "?"]
[Date "2006.10.22"]
[Round "3"]
[White "Berg, Emanuel"]
[Black "Gausel, Einar"]
[Result "0-1"]
[WhiteElo "2667"]
[BlackElo "2578"]
[PlyCount "92"]
[EventDate "2006.11.05"]
[SourceDate "2006.11.05"]

1. e4 Nc6 2. d4 e5 3. Nf3 exd4 4. Nxd4 Bb4+ 5. c3 Bc5 6. Be3 Bb6 7. Bc4 d6 8.
O-O Ne5 9. Be2 Nf6 10. f4 Ned7 11. Nd2 O-O 12. Bf2 Qe8 13. Bf3 Nc5 14. Qe2 Ne6
15. f5 Ng5 16. Rae1 Bd7 17. Bg4 c5 18. Nc2 Bb5 19. c4 Bc6 20. Bf3 Ba5 21. b4
Bxb4 22. Nxb4 cxb4 23. Bd4 Qe7 24. Qe3 Nd7 25. f6 gxf6 26. Bg4 Ne5 27. Bf5 Kg7
28. Rf4 Rg8 29. Rh4 Kh8 30. Rf1 Rg7 31. Rh6 Rag8 32. Kh1 b6 33. Rf4 Bd7 34.
Rfh4 Bxf5 35. exf5 Re8 36. h3 Kg8 37. Rf4 Qd7 38. Qb3 Qc6 39. Bxe5 Rxe5 40. Rg4
Re1+ 41. Kh2 Qc5 42. Qb2 Qg1+ 43. Kg3 Re2 44. Kh4 Rxg2 45. Qxf6 Rxg4+ 46. Kh5
Rh4+ 0-1

[Event "Elit(Skara-Sollentuna)"]
[Site "?"]
[Date "2006.10.22"]
[Round "3"]
[White "Cicak, Slavko"]
[Black "Carlsson, Pontus"]
[Result "1-0"]
[WhiteElo "2545"]
[BlackElo "2659"]
[PlyCount "31"]
[EventDate "2006.??.??"]

1. c4 e5 2. Nc3 Bb4 3. Nd5 Bc5 4. e3 Nf6 5. Nxf6+ Qxf6 6. Ne2 O-O 7. Nc3 Nc6 8.
a3 a5 9. b4 axb4 10. Ne4 Qe7 11. Nxc5 Qxc5 12. axb4 Rxa1 13. bxc5 Nb4 14. Be2
Na2 15. O-O Nxc1 16. Kh1 1-0

[Event "Elit(Skara-Sollentuna)"]
[Site "?"]
[Date "2006.10.22"]
[Round "3"]
[White "Agrest, Evgenij"]
[Black "Eklund, Lars-Goran"]
[Result "1-0"]
[WhiteElo "2649"]
[BlackElo "2374"]
[PlyCount "37"]
[EventDate "2006.??.??"]

1. c4 c6 2. Nf3 Nf6 3. d4 d5 4. Qb3 g6 5. cxd5 cxd5 6. Nc3 Bg7 7. Bg5 e6 8. e3
O-O 9. Bd3 Nbd7 10. O-O h6 11. Bh4 Qe7 12. Rfc1 g5 13. Bg3 Nh5 14. Bc7 g4 15.
Nd2 Nc5 16. Nxd5 Qxc7 17. Nxc7 Nxb3 18. axb3 Rb8 19. Rxa7 1-0

[Event "Elit(Skara-Sollentuna)"]
[Site "?"]
[Date "2006.10.22"]
[Round "3"]
[White "Friberg, Hans"]
[Black "Lindberg, Bo"]
[Result "0-1"]
[WhiteElo "2256"]
[BlackElo "2519"]
[PlyCount "108"]
[EventDate "2006.??.??"]

1. Nf3 c5 2. c4 Nc6 3. g3 g6 4. Bg2 Bg7 5. O-O e5 6. d3 Nge7 7. Nc3 O-O 8. Ne1
Rb8 9. Nc2 d6 10. Rb1 Be6 11. Ne3 a6 12. Ned5 b5 13. e3 f5 14. Qe2 b4 15. Nxe7+
Nxe7 16. Nd5 Nxd5 17. cxd5 Bd7 18. Rd1 Bb5 19. Qc2 g5 20. b3 f4 21. Qe2 Rb7 22.
Be4 Bh6 23. Kh1 f3 24. Qf1 Qc8 25. h3 Bg7 26. Kh2 Rf6 27. g4 Rbf7 28. Bf5 Rxf5
29. gxf5 Qxf5 30. e4 Qg6 31. Qg1 h6 32. Qg3 Bd7 33. Rg1 Qh5 34. Rh1 Rf4 35. Kg1
Rh4 36. Kf1 Bxh3+ 37. Ke1 Bg2 38. Rxh4 Qxh4 39. Rb2 Qh1+ 40. Kd2 Qf1 41. Kc2
Qh1 42. Be3 Qh4 43. a3 Qxg3 44. fxg3 bxa3 45. Ra2 h5 46. Bf2 Bf6 47. Kd1 Bf1
48. Kd2 h4 49. Ra1 Bg2 50. Ke3 h3 51. Bg1 g4 52. Kf2 Bg5 53. Ke1 a5 54. Rxa3
Be3 0-1

[Event "Elit(Skara-Sollentuna)"]
[Site "?"]
[Date "2006.10.22"]
[Round "3"]
[White "Ernst, Thomas"]
[Black "Andersson, Goran"]
[Result "1-0"]
[WhiteElo "2508"]
[BlackElo "2217"]
[PlyCount "39"]
[EventDate "2006.??.??"]

1. e4 c5 2. Nf3 d6 3. d4 cxd4 4. Nxd4 Nf6 5. Nc3 g6 6. Be3 Bg7 7. f3 Nc6 8. Qd2
O-O 9. Bc4 Bd7 10. O-O-O Qa5 11. h4 Rfc8 12. Bb3 Ne5 13. Kb1 b5 14. Ncxb5 Qb6
15. Nc3 Qb7 16. h5 Rab8 17. hxg6 hxg6 18. Bh6 Nc4 19. Qf4 e5 20. Bxg7 1-0

[Event "Elit(Skara-Sollentuna)"]
[Site "?"]
[Date "2006.10.22"]
[Round "3"]
[White "Jacobsson, Erik"]
[Black "Couso, Luis"]
[Result "0-1"]
[WhiteElo "2142"]
[BlackElo "2354"]
[PlyCount "118"]
[EventDate "2006.??.??"]

1. e4 e6 2. d4 d5 3. Nd2 dxe4 4. Nxe4 Bd7 5. Nf3 Bc6 6. Bd3 Nd7 7. O-O Ngf6 8.
Ng3 Be7 9. Bf4 O-O 10. c4 Bxf3 11. Qxf3 c6 12. Rad1 Qa5 13. a3 g6 14. Rfe1 Rfe8
15. h4 Bf8 16. h5 Bg7 17. hxg6 hxg6 18. Bd6 Qg5 19. Bf4 Qa5 20. Bc2 b5 21. cxb5
cxb5 22. Bb3 Nb6 23. Qb7 Nbd5 24. Bd2 Qb6 25. Qxb6 Nxb6 26. Bf4 Rac8 27. Rc1
Nfd5 28. Be5 Bh6 29. Rc5 a6 30. Ne4 Red8 31. Nd6 Ra8 32. Re2 Bf8 33. Rc6 Bxd6
34. Bxd6 Rdc8 35. Rec2 Nc4 36. Rxc8+ Rxc8 37. Bg3 Ndb6 38. f3 Kf8 39. Be1 Ke8
40. Bb4 Kd7 41. Bc5 Ne3 42. Re2 Ned5 43. Rc2 Rb8 44. g3 Rh8 45. Re2 Kc6 46. Re1
Na4 47. Rb1 Rc8 48. Ba7 Kb7 49. Bxa4 bxa4 50. Bc5 Kc6 51. b4 Nc3 52. Rb2 Kd5
53. Rh2 Kc4 54. Kf1 Nb5 55. Rh7 Rc7 56. Ke2 Nxa3 57. Rh8 Nb5 58. Rh1 a3 59. Ra1
Kb3 0-1

[Event "Elit(Skara-Sollentuna)"]
[Site "?"]
[Date "2006.10.22"]
[Round "3"]
[White "Dzevlan, Miralem"]
[Black "Dahlstrom, Rickard"]
[Result "1-0"]
[WhiteElo "2453"]
[BlackElo "2057"]
[PlyCount "81"]
[EventDate "2006.??.??"]

1. d4 d5 2. c4 c6 3. Nc3 Nf6 4. Nf3 e6 5. Qb3 Nbd7 6. g3 Be7 7. Bg2 O-O 8. O-O
Re8 9. Rd1 Qa5 10. Bf4 Bf8 11. h3 dxc4 12. Qxc4 Nd5 13. Bd2 N7b6 14. Qb3 Qb4
15. Qc2 Qe7 16. Ne4 f5 17. Nc5 Qc7 18. e4 fxe4 19. Nxe4 Nd7 20. Re1 Bd6 21. Re2
Nf8 22. Rae1 Bd7 23. Nc5 Red8 24. Ng5 Bxc5 25. dxc5 Bc8 26. Ne4 b6 27. Bg5 Rd7
28. Nd6 Rxd6 29. cxd6 Qxd6 30. Qa4 Qd7 31. h4 b5 32. Qc2 a5 33. Be3 b4 34. Bc5
Ba6 35. Re4 Ng6 36. Bh3 Nc7 37. Qd1 Qxd1 38. Rxd1 Bc8 39. Rd6 Nb5 40. Rxc6 Bd7
41. Bxe6+ 1-0

[Event "Elit(Skara-Sollentuna)"]
[Site "?"]
[Date "2006.10.22"]
[Round "3"]
[White "Johansson, Olle"]
[Black "Bergstrom, Peter"]
[Result "0-1"]
[WhiteElo "1748"]
[BlackElo "2370"]
[PlyCount "104"]
[EventDate "2006.??.??"]

1. d4 d5 2. c4 c6 3. Nf3 Nf6 4. Nc3 dxc4 5. a4 Bf5 6. Ne5 Nbd7 7. Nxc4 Qc7 8.
f3 e5 9. e4 exd4 10. Ne2 Be6 11. Bf4 Bb4+ 12. Kf2 Qd8 13. Nxd4 O-O 14. Be3 Qe7
15. Qc2 Rfd8 16. Be2 Bc5 17. Rhd1 Nb6 18. Nxe6 Bxe3+ 19. Nxe3 Qxe6 20. a5 Nbd7
21. Bc4 Qe7 22. Nf5 Qc5+ 23. Kf1 b6 24. f4 b5 25. Bd3 g6 26. Ng3 Ng4 27. Qxc5
Nxc5 28. Ke2 Nb3 29. Ra3 Nd4+ 30. Ke1 Nxh2 31. e5 Ng4 32. Ne4 Ne3 33. Nf6+ Kg7
34. Rd2 Ne6 35. Bxb5 cxb5 36. Rxe3 Rxd2 37. Kxd2 Nxf4 38. g3 Rd8+ 39. Kc2 Ne6
40. Kc3 Rc8+ 41. Kb4 a6 42. Re4 Rc2 43. Kb3 Rg2 44. Rg4 Nc5+ 45. Kc3 Na4+ 46.
Kd4 Rd2+ 47. Ke3 Rxb2 48. Ne8+ Kf8 49. Nc7 Nc5 50. Rf4 Ke7 51. Kd4 Rc2 52. Kd5
Nd3 0-1

[Event "Elit(Rockaden, Sthlm-Manhem)"]
[Site "?"]
[Date "2006.10.22"]
[Round "3"]
[White "Nithander, Victor"]
[Black "Barkhagen, Jonas"]
[Result "1-0"]
[WhiteElo "2401"]
[BlackElo "2563"]
[PlyCount "73"]
[EventDate "2006.??.??"]
[SourceDate "2006.11.05"]

1. e4 e5 2. Nf3 Nc6 3. Bb5 a6 4. Ba4 Nf6 5. O-O Be7 6. Re1 b5 7. Bb3 d6 8. c3
O-O 9. h3 Nd7 10. d4 Bf6 11. a4 Bb7 12. Na3 Re8 13. d5 Ne7 14. Be3 c6 15. dxc6
Bxc6 16. axb5 Bxe4 17. Nd2 Bg6 18. Ndc4 Nf5 19. Nxd6 Nxe3 20. Rxe3 Re7 21. Bd5
Ra7 22. Nac4 Nb8 23. Ne4 Rad7 24. Rd3 axb5 25. Ne3 Qb6 26. Ra8 Re8 27. Qg4 Rdd8
28. h4 Na6 29. Rxd8 Rxd8 30. b4 Nc7 31. h5 Bxe4 32. Qxe4 Bg5 33. Qxe5 Bxe3 34.
Bxf7+ Kxf7 35. Rxd8 Bxf2+ 36. Kf1 Ne6 37. Rd7+ 1-0

[Event "Elit(Rockaden, Sthlm-Manhem)"]
[Site "?"]
[Date "2006.10.22"]
[Round "3"]
[White "Karlsson, Lars"]
[Black "Schneider, Lars-Ake"]
[Result "1-0"]
[WhiteElo "2531"]
[BlackElo "2338"]
[PlyCount "85"]
[EventDate "2006.??.??"]

1. c4 c5 2. g3 Nc6 3. Bg2 Nf6 4. Nc3 e6 5. d3 d5 6. Bg5 d4 7. Ne4 Qa5+ 8. Bd2
Qd8 9. Nxf6+ Qxf6 10. Nf3 Bd6 11. O-O O-O 12. Ng5 Qd8 13. e4 f6 14. Nh3 e5 15.
f4 Bd7 16. f5 a6 17. g4 h6 18. Nf2 Kf7 19. h4 Rh8 20. Bf3 Ke7 21. Kg2 Be8 22.
g5 Kd7 23. gxh6 gxh6 24. Kh3 Bf7 25. Bh5 Qe8 26. Ng4 Be7 27. Bxf7 Qxf7 28. Nxh6
Qf8 29. Qh5 Rh7 30. Rg1 Qh8 31. Rg6 Bf8 32. Rxf6 Qxf6 33. Ng4 Qxh4+ 34. Kxh4
Rxh5+ 35. Kxh5 Be7 36. Bh6 Bf8 37. Rg1 Bxh6 38. Nxh6 Nb4 39. Rg3 Nxa2 40. Rg7+
Kc6 41. f6 Rf8 42. f7 Nb4 43. Rg8 1-0

[Event "Elit(Rockaden, Sthlm-Manhem)"]
[Site "?"]
[Date "2006.10.22"]
[Round "3"]
[White "Winsnes, Rikard"]
[Black "Olsson, Anders"]
[Result "1-0"]
[WhiteElo "2484"]
[BlackElo "2488"]
[PlyCount "130"]
[EventDate "2006.??.??"]

1. g3 d5 2. Nf3 Nf6 3. Bg2 Bf5 4. d3 e6 5. O-O Be7 6. Nbd2 h6 7. Qe1 c5 8. e4
Bh7 9. b3 Nc6 10. Bb2 O-O 11. Qe2 Re8 12. Rfe1 d4 13. c3 e5 14. cxd4 cxd4 15.
Nh4 Nd7 16. Nf5 Bf8 17. Rec1 Nc5 18. a3 a5 19. Bf1 Ra6 20. Rc4 Rb6 21. Qd1 Qd7
22. Bh3 Qc7 23. Bf1 Ra8 24. Rac1 Ne6 25. Qg4 g6 26. Nh4 h5 27. Qd1 Qd8 28. R1c2
Nc7 29. Ng2 Kh8 30. f4 f6 31. f5 gxf5 32. Qxh5 Qe8 33. Qe2 fxe4 34. Nxe4 Be7
35. Nd2 Nd5 36. Rc1 f5 37. Rxc6 bxc6 38. Qxe5+ Bf6 39. Qd6 Qe7 40. Qxe7 Nxe7
41. Nf4 Rd8 42. Re1 c5 43. Nh5 Ng8 44. Nxf6 Nxf6 45. a4 Bg8 46. Ba3 Nd7 47. Bh3
Bxb3 48. Bxf5 Bxa4 49. Re7 Nf6 50. g4 Rc6 51. Ra7 Bc2 52. Rxa5 Rd5 53. Kf2 Kg7
54. Kg3 Re5 55. Nf3 Re3 56. Bc1 Re7 57. Bf4 Bd1 58. Ne5 Rcc7 59. Ng6 Rf7 60.
Bxc7 Rxc7 61. Nf4 Bb3 62. g5 Ne8 63. h4 Nd6 64. Be6 Bc2 65. h5 c4 1-0

[Event "Elit(Rockaden, Sthlm-Manhem)"]
[Site "?"]
[Date "2006.10.22"]
[Round "3"]
[White "Bator, Robert"]
[Black "Akesson, Joel"]
[Result "1/2-1/2"]
[WhiteElo "2445"]
[BlackElo "2366"]
[PlyCount "33"]
[EventDate "2006.??.??"]

1. d4 d5 2. Nf3 Nf6 3. c4 c6 4. e3 a6 5. Bd3 Bg4 6. Qb3 Bxf3 7. gxf3 Ra7 8. f4
c5 9. cxd5 Qxd5 10. Qxd5 Nxd5 11. dxc5 e6 12. a3 Bxc5 13. b4 Be7 14. e4 Nf6 15.
Be3 Ra8 16. Nc3 Nc6 17. Ke2 1/2-1/2